| Tag |
First Indicator |
Second Indicator |
Subfields |
| LEADER |
00000cam a2200000 4500 |
| 001 |
in00003845780 |
| 005 |
20190415182802.0 |
| 006 |
m o d |
| 007 |
cr |n||||||||n |
| 008 |
850401s1795 enk|||| o 00||||eng c |
| 035 |
|
|
|a (CU-RivES)N16662
|
| 035 |
|
|
|a (Uk-ES)006007358
|
| 035 |
|
|
|a (OCoLC)645785669
|
| 040 |
|
|
|a CU-RivES
|c CU-RivES
|d CU-RivES
|d CStRLIN
|d CU-RivES
|d Cengage Gale
|d UtOrBLW
|
| 100 |
1 |
|
|a Kelly, Hugh,
|d 1739-1777.
|0 http://id.loc.gov/authorities/names/n79135336
|
| 245 |
1 |
0 |
|a False delicacy :
|b A comedy, by Hugh Kelly, adapted for theatrical representation, as performed at the Theatre-Royal, Drury-Lane. Regulated from the prompt-book, by permission of the manager. ...
|
| 264 |
|
1 |
|a London :
|b printed for the proprietors, under the direction of John Bell,
|c 1795.
|
| 300 |
|
|
|a 1 online resource (84 pages,plate)
|
| 336 |
|
|
|a text
|b txt
|2 rdacontent
|
| 337 |
|
|
|a computer
|b c
|2 rdamedia
|
| 338 |
|
|
|a online resource
|b cr
|2 rdacarrier
|
| 500 |
|
|
|a Also issued as: 'Bell's British theatre', London 1797, volume30.
|
| 509 |
|
|
|a P.vi misnumbered v
|
| 510 |
4 |
|
|a English Short Title Catalog,
|c N16662.
|
| 500 |
|
|
|a Reproduction of original from University of Texas.
|
| 500 |
|
|
|a Electronic resource.
|
| 648 |
|
7 |
|a 1701-1800
|2 local
|
| 650 |
|
0 |
|a English drama.
|0 http://id.loc.gov/authorities/subjects/sh85043338
|
| 655 |
|
7 |
|a Electronic books.
|2 local
|
| 710 |
2 |
|
|a Gale (Firm)
|0 http://id.loc.gov/authorities/names/no2008071348
|
| 752 |
|
|
|a Great Britain
|b England
|d London.
|
| 856 |
4 |
0 |
|u http://proxy.library.tamu.edu/login?url=http://find.galegroup.com/ecco/infomark.do?contentSet=ECCOArticles&docType=ECCOArticles&bookId=1780000700&type=getFullCitation&tabID=T001&prodId=ECCO&docLevel=TEXT_GRAPHICS&version=1.0&source=library&userGroupName=txshracd2898
|z Connect to the full text of this electronic book
|t 0
|
| 999 |
f |
f |
|s fde50d54-71bf-3fff-9e03-af699edcb542
|i 77056eea-cb22-3816-85a8-c02ba037d88f
|t 0
|
| 952 |
f |
f |
|a Texas A&M University
|b College Station
|c Electronic Resources
|d Available Online
|t 0
|h No information provided
|
| 998 |
f |
f |
|t 0
|l Available Online
|